000
00241nam a2200109Ia 4500
008
220120s9999||||xx |||||||||||||| ||und||
100
_a
Rontny
245
0
_a
Last minuite study tips
260
_b
Bangalore
300
_b
0
650
_a
PHYSICS
999
_c
136488
_d
136488